000 00584nam a22002057a 4500
003 LK-CoDNM
005 20241010102944.0
008 241009b |||||||| |||| 00| 0 eng d
040 _aLK-CoDNM
_dLK-CoDNM
_eLK-CoDNM
041 _asin
080 _a105
_bKK6
100 _aදාස,ජේ.ආර්
245 _aකොළඹ ලමිස්සි
260 _aනන්දන මුද්‍රණාලය
_bකොළඹ
300 _a8p ; 23cm
650 _a105 KK6
650 _aදාස,ජේ.ආර්
650 _aකොළඹ ලමිස්සි
942 _cBK
999 _c218789
_d218789